Las mujeres Kennedy / (Registro nro. 8991)
[ vista simple ]
| 000 -CABECERA | |
|---|---|
| Campo de control interno | 01640nam a2200241Ia 4500 |
| 008 - ELEMENTOS DE LONGITUD FIJA - INFORMACIÓN GENERAL | |
| Campo de control de longitud fija | 260220t1972||||xx |||||||||||||| ||spa|| |
| 040 ## - FUENTE DE CATALOGACIÓN | |
| Agencia de catalogación original | PY-SlUNAC |
| Idioma de catalogación | spa |
| Convenciones de descripción | rda |
| 041 ## - CÓDIGO DE IDIOMA | |
| Código de idioma para texto/pista de sonido o título separado | spa |
| 082 ## - NÚMERO DE CLASIFICACIÓN DECIMAL DEWEY | |
| Clasificación Decimal Dewey (CDD) | 813 |
| Clasificación Expansiva de Cutter (EC) | B855m |
| 100 ## - ASIENTO PRINCIPAL - NOMBRE PERSONAL | |
| Nombre personal | Buck, Pearl S. |
| Rol del autor | Autor |
| 245 #0 - TÍTULO | |
| Título | Las mujeres Kennedy / |
| Mención de responsabilidad | por Pearl S. Buck [Autor] |
| 264 ## - PIE DE IMPRENTA | |
| Lugar | Barcelona : |
| Editorial | Dopesa, |
| Año | ℗1972. |
| 300 ## - DESCRIPCIÓN FÍSICA | |
| Páginas | 1 volumen |
| 520 ## - NOTA DE RESUMEN | |
| Nota de resumen | "Las mujeres Kennedy" de Pearl S. Buck es una exploración profunda de la vida de las figuras femeninas que rodearon a la influyente familia Kennedy, reflexionando sobre su papel en la historia política y social de Estados Unidos. A través de una narrativa vívida y detallada, Buck presenta las historias de estas mujeres, desde sus luchas personales hasta sus contribuciones significativas al legado familiar. El libro no solo aborda las dinámicas internas de la familia, sino que también contextualiza sus experiencias en el marco de los cambios sociales del siglo XX. Buck destaca la resiliencia, la inteligencia y la complejidad emocional de estas mujeres, revelando cómo sus decisiones y acciones influyeron en el desarrollo de la familia y, por extensión, en la sociedad americana. Este estudio proporciona una mirada crítica a las expectativas de género y el impacto de la historia en las vidas individuales, reafirmando la importancia de las voces femeninas en la narrativa histórica. |
| 653 ## - MATERIA - TÉRMINO TEMÁTICO NO CONTROLADO (PALABRAS CLAVE) | |
| Materia - término temático no controlado (palabras clave) | Biografía |
| 653 ## - MATERIA - TÉRMINO TEMÁTICO NO CONTROLADO (PALABRAS CLAVE) | |
| Materia - término temático no controlado (palabras clave) | Historia |
| 653 ## - MATERIA - TÉRMINO TEMÁTICO NO CONTROLADO (PALABRAS CLAVE) | |
| Materia - término temático no controlado (palabras clave) | Mujer |
| 942 ## - ELEMENTOS PERSONALIZADOS (KOHA) | |
| Fecha catalogación | 2026/02/17 |
| Tipo de documento | Libros |
| Fuente de Clasificacion | Colección | Ubicacion permanente | Biblioteca actual | Fecha de Ingreso a la Biblioteca | Origen de adquisición | Código de ubicación | Código de barras | Tipo de Item KOHA | Nota pública |
|---|---|---|---|---|---|---|---|---|---|
| Dewey Decimal Classification | Colección General (CG) | Biblioteca e Internet, Facultad de Ciencias Exactas y Naturales | Biblioteca e Internet, Facultad de Ciencias Exactas y Naturales | 02/20/2026 | Donación | 813 B855m | CG2351 | Libros | Material disponible en la Biblioteca e Intenet, Campus UNA, San Lorenzo. |


